Sports Quiz

Random Sports or Baseball Quiz

San Diego Padres Opening Day Starting Pitchers Quiz Stats

 Plays Quiz Updated Dec 31, 2018

Score 0/50 Timer 07:00
1 Play Today
Year Name % Correct
2009Jake Peavy
80%
2008Jake Peavy
80%
2007Jake Peavy
80%
2006Jake Peavy
80%
1975Randy Jones
60.6%
1980Randy Jones
59.5%
1976Randy Jones
58.9%
1977Randy Jones
58.8%
1998Kevin Brown
53.7%
2018Clayton Richard
47.4%
1986Eric Show
39.8%
1984Eric Show
39%
1987Eric Show
38.3%
1979Gaylord Perry
37.3%
1989Eric Show
36.7%
1995Andy Benes
36.3%
1978Gaylord Perry
35.4%
1994Andy Benes
35.1%
1993Andy Benes
34.3%
2001Woody Williams
32.4%
2005Woody Williams
32.4%
2015James Shields
31.7%
2016Tyson Ross
30.7%
2014Andrew Cashner
29%
1996Andy Ashby
28.4%
Year Name % Correct
1991Ed Whitson
26.2%
1999Andy Ashby
25.4%
1988Ed Whitson
23.6%
2017Jhoulys Chacin
21.4%
1985LaMarr Hoyt
19.6%
2000Sterling Hitchcock
19.6%
2013Edinson Volquez
17.6%
2012Edinson Volquez
17.6%
1990Bruce Hurst
17.5%
1992Bruce Hurst
17.2%
1972Clay Kirby
14.5%
1997Joey Hamilton
13.7%
1973Clay Kirby
13.7%
2004Brian Lawrence
12.7%
2003Brian Lawrence
12.7%
1983Tim Lollar
11.9%
1974Bill Greif
10.5%
2010Jon Garland
9.5%
2011Tim Stauffer
7.9%
1982Juan Eichelberger
7.8%
1969Dick Selma
6.8%
2002Kevin Jarvis
6.6%
1970Pat Dobson
6.6%
1981John Curtis
6.2%
1971Tom Phoebus
5.5%

You're not logged in!

Compare scores with friends on all Sporcle quizzes.
OR
Log In

You Might Also Like...

Show Comments

Extras

Top Quizzes Today


Score Distribution

Your Account Isn't Verified!

In order to create a playlist on Sporcle, you need to verify the email address you used during registration. Go to your Sporcle Settings to finish the process.

Report this User

Report this user for behavior that violates our Community Guidelines.

Details: